'If You Give a Mouse a Cookie' Click-a-Long Quiz Stats

Quiz Updated Aug 17, 2017

Challenge
Share
Tweet
Embed
Score 0/14 Timer 03:00
1 Play Today
% Correct
???
94.5%
???
93.2%
???
88.5%
???
84.8%
???
83.7%
???
83.4%
???
83.3%
% Correct
???
81.2%
???
80.3%
???
76.5%
???
67.1%
???
63.5%
???
63%
???
60.8%

You're not logged in!

Compare scores with friends on all Sporcle quizzes.
Join for Free
OR
Log In

You Might Also Like...

Show Comments

Extras

Top Quizzes Today


Score Distribution

Your Account Isn't Verified!

In order to create a playlist on Sporcle, you need to verify the email address you used during registration. Go to your Sporcle Settings to finish the process.

Report this User

Report this user for behavior that violates our Community Guidelines.

Details: